Z činnosti KTS [KST] Prieslop

Bibliographic Details
Main Author: Fráková, Viera (Author)
Format: Article
Language:Slovak
PhysicalDescription:Fotogr.
Subjects:

MARC

LEADER 00000nab a2200000 a 4500
001 vtls010550201
003 SK-MaSNL
005 20260305040544.0
008 131012c2012 xo qrzp 0 0slo
038 |a RVGKPD 
040 |a RVGKPD  |b slo  |c RVGKPD  |e AACR2 
041 |a slo 
044 |a xo  |c SK 
080 |a 796.51  |2 1997 
100 1 |a Fráková, Viera  |4 aut  |9 1615307 
245 1 0 |a Z činnosti KTS [KST] Prieslop  |c Viera Fráková 
300 |b Fotogr. 
610 2 7 |a Klub slovenských turistov Prieslop (Slavošovce, Slovensko)  |2 rvgkpd  |9 1615308 
650 0 7 |a pešia turistika  |2 rvgkpd  |9 1059 
651 7 |a Slavošovce (Slovensko)  |2 rvgkpd  |9 28955 
651 7 |a Rožňava (Slovensko : okres)  |2 rvgkpd  |9 19215 
773 0 |t Slavošovské obecné noviny  |g Roč. XVII, č. 66 (2012), s. 4 
852 |a RVGKPD  |b KIS3G 
992 |a RBX 
999 |c 3339021  |d 3340951